000 00546nam a2200217Ia 4500
008 180523s9999 xx 000 0 und d
020 _a978-007-125934-7
050 _aMAIN HF 5549.5
050 _b.T7N64 2008
100 _aNoe, Raymond A.
245 0 _aEmployee training and development /
245 0 _cRaymond A. Noe.
250 _a4th Edition
260 _aNew York :
260 _bMcGraw-Hill,
260 _c2008
300 _a536 pages :
300 _c23 cm.
500 _aIncludes index.
650 _aEmployees -- Rating of.
999 _c357182
_d357182